NLSUI OPAC header image

Cases and materials on criminal law and procedure (Record no. 7333)

MARC details
000 -LEADER
fixed length control field 00444nam a2200157Ia 4500
008 - FIXED-LENGTH DATA ELEMENTS--GENERAL INFORMATION
fixed length control field 160316s1984 xxu||||| |||| 00| 0 eng d
082 ## - DEWEY DECIMAL CLASSIFICATION NUMBER
Classification number 345.050000
Item number PER
100 ## - MAIN ENTRY--PERSONAL NAME
Personal name Perkins Rollin M
245 ## - TITLE STATEMENT
Title Cases and materials on criminal law and procedure
250 ## - EDITION STATEMENT
Edition statement
260 ## - PUBLICATION, DISTRIBUTION, ETC.
Place of publication, distribution, etc. St. Paul,Minn
Name of publisher, distributor, etc. West Publishing Co.
Date of publication, distribution, etc. 1984
300 ## - PHYSICAL DESCRIPTION
Extent 1186p
Other physical details c20 c
Dimensions
365 ## - TRADE PRICE
Price amount Gratis
650 ## - SUBJECT ADDED ENTRY--TOPICAL TERM
Topical term or geographic name entry element 1.Criminal Procedure - U S A
700 ## - ADDED ENTRY--PERSONAL NAME
Personal name Boyce Ronald N
--
Holdings
Withdrawn status Lost status Damaged status Not for loan Home library Current library Shelving location Date acquired Total Checkouts Full call number Barcode Date last seen Price effective from Koha item type
        . .   30.05.2017   345.05 PER 7553 30.05.2017 30.05.2017 BOOKs